Dimension of religion, magic and festival of Indian tribe : (Record no. 123110)

MARC details
000 -LEADER
fixed length control field 00762nam a22002297a 4500
005 - DATE AND TIME OF LATEST TRANSACTION
control field 20170124105920.0
010 ## - LIBRARY OF CONGRESS CONTROL NUMBER
LC control number B-92483
020 ## - INTERNATIONAL STANDARD BOOK NUMBER
Terms of availability 400.00
International Standard Book Number 8173914869
035 ## - SYSTEM CONTROL NUMBER
System control number B-92483
037 ## - SOURCE OF ACQUISITION
Source of stock number/acquisition Cen Lib/Ret
040 ## - CATALOGING SOURCE
Original cataloging agency DPL
Language of cataloging EN
082 ## - DEWEY DECIMAL CLASSIFICATION NUMBER
Classification number 306.095453
Item number ORA
100 ## - MAIN ENTRY--PERSONAL NAME
Personal name Oraon, Karma
9 (RLIN) 4185
245 ## - TITLE STATEMENT
Title Dimension of religion, magic and festival of Indian tribe :
Statement of responsibility, etc by Karma Oraon
Remainder of title the munda /
260 ## - PUBLICATION, DISTRIBUTION, ETC. (IMPRINT)
Place of publication, distribution, etc New Delhi
Name of publisher, distributor, etc Kanishka publishers
Date of publication, distribution, etc 2002
270 ## - ADDRESS
City New Delhi
Address 4697/5-21A, Ansari Road, Darya Ganj
Postal code 110002
300 ## - PHYSICAL DESCRIPTION
Extent xii,140p.
Dimensions 23cm(Hb)
500 ## - GENERAL NOTE
General note Includes bibliographical references and index
650 ## - SUBJECT ADDED ENTRY--TOPICAL TERM
Topical term or geographic name as entry element Religion-munda
9 (RLIN) 73438
650 ## - SUBJECT ADDED ENTRY--TOPICAL TERM
Topical term or geographic name as entry element Tribes-munda-Jharkhand
9 (RLIN) 73439
942 ## - ADDED ENTRY ELEMENTS (KOHA)
Source of classification or shelving scheme Dewey Decimal Classification
Koha item type English Books
Classification part 306.095453
Call number suffix ORA
Holdings
Withdrawn status Lost status Damaged status Not for loan Home library Current library Date acquired Source of acquisition Cost, normal purchase price Total Checkouts Full call number Barcode Date last seen Copy number Cost, replacement price Price effective from Koha item type
        Central Library Central Library 02/06/2015 Cen Lib/Ret 400.00   306.095453 ORA B-92483 02/06/2015 1 400.00 02/06/2015 English Books

© Delhi Public Library
Hit Counter
free hit counter